000 00209nam a2200097Ia 4500
008 220204s9999 xx 000 0 und d
082 _a82-3
_bHUN
100 _aHunter, Evan
245 0 _aWalk proud
942 _cBK
999 _c33465
_d33465